Energy balances

Enregistré dans:
Détails bibliographiques
Auteurs principaux: Graczová, Elena (Auteur), Tomáš, Pavel (Auteur)
Format: Livre
Langue:anglais
Publié: Bratislava SPEKTRUM STU Slovenská technická univerzita v Bratislave, Fakulta chemickej a potravinárskej technológie 2021
Édition:1. vydanie
Collection:Edícia vysokoškolských učebníc
Sujets:
Accès en ligne:Voir à l'OPAC
Tags: Ajouter un tag
Pas de tags, Soyez le premier à ajouter un tag!

MARC

LEADER 00000nam a2200000 4500
001 vtls012068105
003 VRT
005 20260218020008.0
008 210909s2021 xo dl f p 000 0 eng d
020 |a 9788022751117  |q (brožované) 
040 |a SVKBB  |b slo  |c SK-BrSCK  |e rda 
041 0 |a eng 
044 |a xo  |c SK 
072 7 |a 66  |x Chemický priemysel. Chemická technológia  |2 konspekt 
080 |a 66  |2 2011 
080 |a 66.0  |2 2011 
080 |a 620.9  |2 2011 
080 |a (075.8)  |2 2011 
100 1 |a Graczová, Elena  |4 aut 
245 1 0 |a Energy balances  |c Elena Graczová, Pavel Tomáš 
250 |a 1. vydanie 
264 1 |a Bratislava  |b SPEKTRUM STU  |b Slovenská technická univerzita v Bratislave, Fakulta chemickej a potravinárskej technológie  |c 2021 
300 |a 212 strán  |b grafy, schémy  |c 25 cm 
336 |a text  |b txt  |2 rdacontent 
337 |a bez média  |b n  |2 rdamedia 
338 |a zväzok  |b nc  |2 rdacarrier 
490 1 |a Edícia vysokoškolských učebníc 
504 |a Bibliografia na strane 212 
650 0 7 |a energetické bilancie  |2 SNKPH 
650 0 7 |a chemický priemysel  |2 SNKPH 
650 0 7 |a chemické inžinierstvo  |2 SNKPH 
650 0 7 |a energia  |2 SNKPH 
650 0 7 |a Chemical industry  |2 SNKPHeng 
650 0 7 |a Chemical engineering  |2 SNKPHeng 
650 0 7 |a Energy  |2 SNKPHeng 
655 7 |a učebnice vysokých škôl  |2 SNKPH 
655 7 |a Textbooks (higher)  |2 SNKPHeng 
700 1 |a Tomáš, Pavel  |4 aut 
810 2 |a Slovenská technická univerzita v Bratislave.  |b Fakulta chemickej a potravinárskej technológie  |t Edícia vysokoškolských učebníc 
942 |2 udc  |c 12  |0 6 
949 |6 270001000618759  |a svkbbB 62776  |b svkbbm 796067 
999 |c 12403  |d 12403